Fr. Conceicao Rodrigues College of Engineering

Big Data computing (Record no. 33581)

MARC details
000 -LEADER
fixed length control field 00330nam a2200169Ia 4500
082 ## - DEWEY DECIMAL CLASSIFICATION NUMBER
Item number AKE
100 ## - MAIN ENTRY--PERSONAL NAME
Personal name Akerkar/Rajendra
245 ## - TITLE STATEMENT
Title Big Data computing
260 ## - PUBLICATION, DISTRIBUTION, ETC.
Name of publisher, distributor, etc. CRC
Date of publication, distribution, etc. 2014
366 ## - TRADE AVAILABILITY INFORMATION
Publishers's discount category 25
300 ## - PHYSICAL DESCRIPTION
Extent 542
546 ## - LANGUAGE NOTE
Language note ENGLISH
650 ## - SUBJECT ADDED ENTRY--TOPICAL TERM
Topical term or geographic name entry element Big data
654 ## - SUBJECT ADDED ENTRY--FACETED TOPICAL TERMS
Focus term big data computing
942 ## - ADDED ENTRY ELEMENTS (KOHA)
Koha item type Reference Book
Holdings
Withdrawn status Lost status Damaged status Not for loan Collection Home library Current library Date acquired Source of acquisition Cost, normal purchase price Inventory number Total Checkouts Full call number Barcode Date last seen Cost, replacement price Price effective from Koha item type
        CRC Fr. Agnel's C.Rodrigues College of Engineering Fr. Agnel's C.Rodrigues College of Engineering 17/03/2023 Allied Publisher 1875.00 976 dt 05.02.2018   AKE 25134 17/03/2023 2500.00   Reference Book